[Event "Torneo sociale 2005"]
[Site "Circolo Scacchistico Pievigino"]
[Date "2005.02.22"]
[Round "4"]
[White "Broli,C"]
[Black "Donadel,S"]
[Result "0-1"]
[WhiteElo "1500"]
[BlackElo "1700"]

1. c4 e5 2. Nc3 Nf6 3. g3 Bc5 4. Bg2 a6 5. Nf3 d6 6. O-O
Nbd7 7. d3 Rb8 8. a3 c6 9. b4 Ba7 10. Bb2 O-O 11. e3 Re8
12. Nd2 Nf8 13. Nb3 h5 14. Qd2 h4 15. d4 hxg3 16. fxg3
Ng4 17. Rad1 Nxe3 18. Qxe3 exd4 19. Qf4 dxc3+ 20. Kh1
cxb2 21. Qxf7+ Kh8 22. c5 d5 23. Rf4 Be6 24. Qh5+ Nh7
25. Rh4 Bg8 26. Bf1 Re4 27. Rxe4 b1=Q 28. Rxb1 dxe4
29. Rd1 Bd5 0-1

[Event "Torneo sociale 2005"]
[Site "Circolo Scacchistico Pievigino"]
[Date "2005.02.22"]
[Round "4"]
[White "Spolaore,L"]
[Black "Gencarelli,M"]
[Result "1-0"]
[WhiteElo "1545"]
[BlackElo "1500"]

1. c4 e5 2. Nc3 Nf6 3. d3 Bb4 4. Qc2 O-O 5. g3 h6 6. Bg2 c6
7. Bd2 d5 8. cxd5 cxd5 9. a3 Bc5 10. b4 Bxf2+ 11. Kxf2 Qb6+
12. e3 Ng4+ 13. Ke2 d4 14. Na4 Qf6 15. Rf1 Qg5 16. exd4
Qe7 17. d5 Bd7 18. Nc5 Bb5 19. a4 Be8 20. Nh3 f5 21. Ne6
Rf6 22. Qc8 Kh7 23. Nc7 Bd7 24. Qxb7 e4 25. d4 Na6
26. Nxa8 e3 27. Bc3 Qf7 28. b5 Nf2 29. Nxf2 exf2 30. Rxf2
Qe7+ 31. Kf1 Rf7 32. Qxa6 1-0

[Event "Torneo sociale 2005"]
[Site "Circolo Scacchistico Pievigino"]
[Date "2005.02.22"]
[Round "4"]
[White "Bortolotto,D"]
[Black "Barazza,R"]
[Result "1/2-1/2"]
[WhiteElo "1500"]
[BlackElo "1500"]

1. e4 d6 2. d4 Nf6 3. Nc3 g6 4. Nf3 Bg7 5. h3 O-O 6. Bd3 c5
7. d5 Qc7 8. O-O Bd7 9. Re1 a6 10. Bg5 b5 11. a3 Re8
12. Qd2 c4 13. Bf1 Bc8 14. e5 dxe5 15. Nxe5 Nh5 16. Nf3
Bb7 17. d6 Qd7 18. Nd5 Bxd5 19. Qxd5 Nc6 20. c3 Qxd6
21. Rad1 Qxd5 22. Rxd5 Nf6 23. Rd2 Rad8 24. Rxd8 Rxd8
25. g4 h6 26. Be3 Nd5 27. Bc1 e6 28. Bg2 Na5 29. g5 h5
30. Nd4 1/2-1/2

[Event "Torneo sociale 2005"]
[Site "Circolo Scacchistico Pievigino"]
[Date "2005.02.22"]
[Round "4"]
[White "Pavan,R"]
[Black "Luca,D"]
[Result "1-0"]
[WhiteElo "1500"]
[BlackElo "1598"]

1. e4 e5 2. Nf3 Nf6 3. Nc3 Nc6 4. Bc4 Bb4 5. Nd5 Bc5
6. O-O O-O 7. a3 d6 8. b4 Bb6 9. h3 Nxe4 10. d3 Nf6
11. Bg5 Be6 12. Bxf6 gxf6 13. Qd2 Bxd5 14. Bxd5 Kh8
15. Qh6 Qe7 16. Be4 f5 17. Bxf5 f6 18. Nh4 Rg8 19. Ng6+
Rxg6 20. Bxg6 Nd4 21. Ra2 Ne2+ 22. Kh1 Rg8 23. Bf5 c6
24. c4 Nd4 25. Bg4 f5 26. Bh5 Bc7 27. f4 Qh4 28. Raf2 Qe7
29. g4 Qh4 30. g5 Qxh3+ 31. Kg1 Qg3+ 32. Kh1 Qh3+
33. Kg1 Bd8 34. Rg2 Qe3+ 35. Rff2 exf4 36. g6 Rg7 37. Qxf4
Qxd3 38. Qxd6 Bh4 39. Qf8+ Rg8 40. g7# 1-0

[Event "Torneo sociale 2005"]
[Site "Circolo Scacchistico Pievigino"]
[Date "2005.02.22"]
[Round "4"]
[White "Bubola,A"]
[Black "Callegher,C"]
[Result "1-0"]
[WhiteElo "1500"]
[BlackElo "1500"]

1. d4 d5 2. Bf4 Nc6 3. Nf3 g6 4. e3 Bg7 5. Bb5 a6 6. Ba4 b5
7. Bb3 Nf6 8. Nbd2 O-O 9. a3 Ne8 10. h3 e6 11. O-O Rb8
12. c3 Na5 13. Ba2 Nd6 14. b3 Nf5 15. Re1 Re8 16. Qc2
Ra8 17. e4 Nh4 18. Nxh4 Qxh4 19. Bxc7 Nb7 20. exd5 Qe7
21. Bh2 Qxa3 22. b4 a5 23. Bc4 Qxa1 24. Rxa1 Bd7 25. Bb3
axb4 26. Rxa8 Rxa8 27. cxb4 Bxd4 28. dxe6 Bxe6 29. Bxe6
fxe6 30. g4 e5 31. Nf3 Ra4 32. Qc8+ Kf7 33. Qxb7+ Ke8
34. Qxb5+ 1-0

[Event "Torneo sociale 2005"]
[Site "Circolo Scacchistico Pievigino"]
[Date "2005.02.22"]
[Round "4"]
[White "Feltre,S"]
[Black "Dall'Acqua,R"]
[Result "1-0"]
[WhiteElo "1500"]
[BlackElo "1500"]

1. e4 e5 2. Nf3 d6 3. Bc4 Nf6 4. d4 Nxe4 5. dxe5 a6 6. Qd5
Qd7 7. Qxe4 Kd8 8. O-O b5 9. Qxa8 bxc4 10. Qxb8 g6
11. Re1 Bg7 12. Bg5+ Ke8 13. exd6+ Kf8 14. Be7+ Ke8
15. Bf6+ Kf8 16. Be7+ Ke8 17. Qxc7 f6 18. Bxf6+ Kf7
19. Ne5+ Kxf6 20. Nxd7+ Bxd7 21. Qxd7 Rf8 22. Qe7+ Kf5
23. Qxg7 Rf6 24. d7 g5 25. Qxh7+ Rg6 26. Qf7+ Rf6
27. Qxc4 Rd6 28. Qc5+ Kg6 29. Qxd6+ Kf5 30. Qe5+ Kg4
31. h3+ Kh5 32. g3 Kg6 33. d8=Q Kf7 34. Qde8# 1-0

[Event "Torneo sociale 2005"]
[Site "Circolo Scacchistico Pievigino"]
[Date "2005.02.22"]
[Round "4"]
[White "Vomiero,L"]
[Black "Stella,I"]
[Result "1-0"]
[WhiteElo "1500"]
[BlackElo "1500"]

1. e4 e5 2. Nf3 Nc6 3. c4 Bc5 4. Be2 a6 5. O-O d6 6. h3 Nf6
7. d3 O-O 8. Bg5 h6 9. Bxf6 Qxf6 10. Nh2 Nd4 11. Bg4 c6
12. Bxc8 Raxc8 13. Nd2 Qg6 14. Nhf3 Ne6 15. Nh4 Qg5
16. Ndf3 Qf6 17. Nf5 Nf4 18. Kh2 d5 19. g3 dxe4 20. dxe4
Rcd8 21. Qb3 Rd3 22. Qxb7 Rxf3 23. gxf4 Rxf4 24. f3 Rxf5
25. exf5 Qxf5 26. Qb3 Qf4+ 27. Kh1 Rd8 28. Rad1 Rd2
29. Rxd2 Qxd2 30. Qb8+ Kh7 31. Qxe5 Bd6 32. Qe4+ Kg8
33. f4 Qxb2 34. Qg2 Qf6 35. Qxc6 Qh4 36. Qf3 Qf6 37. Qa8+
Kh7 38. Qe4+ Kg8 39. Kg2 Qh4 40. Qe8+ Bf8 41. c5 g5
42. Qd8 Qh5 43. fxg5 hxg5 44. Qd5 Qe2+ 45. Rf2 Qe6
46. Qxg5+ Qg6 47. Qxg6+ fxg6 48. c6 g5 49. c7 g4 50. hxg4
Bc5 51. c8=Q+ Bf8 52. Qxf8+ 1-0

[Event "Torneo sociale 2005"]
[Site "Circolo Scacchistico Pievigino"]
[Date "2005.02.22"]
[Round "4"]
[White "Beghetto,E"]
[Black "Saccol,A"]
[Result "0-1"]
[WhiteElo "1500"]
[BlackElo "1500"]

1. d4 d5 2. Nc3 Bf5 3. e3 e6 4. Nf3 h6 5. Bb5+ c6 6. Ba4
Nf6 7. O-O Bd6 8. a3 O-O 9. b3 Nbd7 10. b4 Ne4 11. Ne2
Rc8 12. Ne5 Nxe5 13. f3 Nf6 14. e4 dxe4 15. f4 Ng6 16. b5
cxb5 17. Bxb5 a6 18. Ba4 b5 19. Bb3 Qb6 20. a4 Nd5 21. a5
Qc7 22. c3 Ndxf4 23. Nxf4 Nxf4 24. Bxf4 Bxf4 25. g3 Bxg3
26. Kh1 Bxh2 27. d5 e3 28. d6 Bxd6 29. Qe1 Be4+ 30. Kg1
Bh2# 0-1

[Event "Torneo sociale 2005"]
[Site "Circolo Scacchistico Pievigino"]
[Date "2005.02.22"]
[Round "4"]
[White "Corsi,A"]
[Black "Bortolini,S"]
[Result "0-1"]
[WhiteElo "1500"]
[BlackElo "1500"]

1. e4 e5 2. Nf3 Nc6 3. Nc3 Nf6 4. Bc4 g6 5. Ng5 Nd5 6. d3
Be7 7. h4 f6 8. Bxd5 fxg5 9. Qf3 Rf8 10. Qe2 d6 11. h5 Nd4
12. Qd1 c6 13. Bc4 Be6 14. Nd5 cxd5 15. exd5 Bd7 16. c3
Nb5 17. d4 Bf6 18. Qe2 a6 19. Bd3 Bf5 20. Bxf5 gxf5 21. Bd2
Nc7 22. c4 b5 23. b3 Qe7 24. a4 exd4 25. Qxe7+ Kxe7
26. O-O bxc4 27. bxc4 Rab8 28. Rfe1+ Kf7 29. Rab1 Rxb1
30. Rxb1 Kg7 31. Rb7 Rf7 32. Bb4 Nxd5 33. Rxf7+ Kxf7
34. Bxd6 Nc3 35. a5 d3 36. Bb4 Na2 37. Bd2 Bc3 38. Bxg5
d2 39. Bxd2 Bxd2 40. c5 Nb4 41. Kf1 Nc6 42. Ke2 Bxa5
43. Kd3 Ke6 44. f4 Kd5 45. Kc2 Bb4 46. Kb3 Kxc5 47. Ka4
a5 48. g3 Be1 49. Kb3 Bxg3 0-1

[Event "Torneo sociale 2005"]
[Site "Circolo Scacchistico Pievigino"]
[Date "2005.03.01"]
[Round "5"]
[White "Giacomelli,G"]
[Black "Pavan,R"]
[Result "1-0"]
[WhiteElo "1900"]
[BlackElo "1500"]

1. e4 e5 2. d4 exd4 3. Nf3 c5 4. Bc4 Be7 5. Ne5 d5 6. Bxd5
Be6 7. Bxe6 fxe6 8. Qh5+ g6 9. Nxg6 Kd7 10. Nxh8 Nf6
11. Qe2 Qxh8 12. Qb5+ Nc6 13. Qxb7+ Kd6 14. Bf4+ e5
15. Na3 exf4 16. Nc4+ Ke6 17. Qxc6+ Kf7 18. O-O-O Ng4
19. Qd5+ Kg7 20. Qe6 Bg5 21. Qxg4 h6 22. h4 1-0

[Event "Torneo sociale 2005"]
[Site "Circolo Scacchistico Pievigino"]
[Date "2005.03.01"]
[Round "5"]
[White "Donadel,S"]
[Black "Fontana,E"]
[Result "0-1"]
[WhiteElo "1700"]
[BlackElo "2097"]

1. d4 Nf6 2. c4 e6 3. Nc3 Bb4 4. Nf3 c5 5. a3 Bxc3+ 6. bxc3
Nc6 7. Bg5 Qa5 8. Bd2 Qc7 9. Qc2 d6 10. e3 e5 11. d5 Na5
12. e4 b6 13. Be2 Ba6 14. Bg5 Nd7 15. Nd2 h6 16. Bh4 g5
17. Bg3 O-O-O 18. Qa4 Nf6 19. f3 Qd7 20. Qxd7+ Kxd7
21. Kf2 Nh5 22. h4 Nf4 23. Bxf4 gxf4 24. g3 fxg3+ 25. Kxg3
Rdg8+ 26. Kh3 Rg6 27. Rag1 Rhg8 28. Rg4 Ke7 29. Rxg6
Rxg6 30. Kh2 Bc8 31. Rg1 Rxg1 32. Kxg1 f5 33. Kh2 f4
34. Bf1 Kf6 35. Bh3 Ba6 36. Bf1 Kg6 37. Be2 Kh5 38. Bf1
Kxh4 39. Be2 Bc8 40. Bf1 Bd7 41. Be2 Ba4 42. Kg2 Nb3
43. Nxb3 Bxb3 44. Kh2 Ba4 45. Kg2 a6 46. Kh2 b5 47. cxb5
axb5 48. Kg2 c4 49. Kh2 Bc2 50. Kg2 Bd3 51. Bd1 Kg5
52. Kh3 h5 53. Kg2 h4 54. Kf2 h3 55. Kg1 Kh4 56. Kf2 h2
57. Kg2 h1=Q+ 58. Kxh1 Kh3 59. a4 bxa4 60. Bxa4 Be2 0-1

[Event "Torneo sociale 2005"]
[Site "Circolo Scacchistico Pievigino"]
[Date "2005.03.01"]
[Round "5"]
[White "Bortolotto,D"]
[Black "Broli,C"]
[Result "0-1"]
[WhiteElo "1500"]
[BlackElo "1500"]

1. e4 Nf6 2. Nc3 d5 3. exd5 Nxd5 4. Nxd5 Qxd5 5. Nf3 Bg4
6. Be2 Nc6 7. O-O O-O-O 8. a3 e5 9. Ng5 Bxe2 10. Qxe2
Nd4 11. Qd3 f6 12. c4 Qd7 13. Ne4 f5 14. Ng3 e4 15. Qb1
Bd6 16. b4 Rhe8 17. Re1 Be5 18. Ra2 h5 19. Bb2 h4
20. Nf1 Qe7 21. Ne3 Qg5 22. Bxd4 Bxd4 23. b5 f4 24. Nd5 f3
25. g3 hxg3 26. hxg3 Qxg3+ 0-1

[Event "Torneo sociale 2005"]
[Site "Circolo Scacchistico Pievigino"]
[Date "2005.03.01"]
[Round "5"]
[White "Barazza,R"]
[Black "Bubola,A"]
[Result "1/2-1/2"]
[WhiteElo "1500"]
[BlackElo "1500"]

1. e4 e5 2. Nf3 Nc6 3. Bb5 a6 4. Ba4 b5 5. Bb3 h6 6. O-O
Bc5 7. c3 Nf6 8. d4 exd4 9. cxd4 Ba7 10. Re1 O-O 11. a3 d6
12. h3 Bb7 13. Bc2 Re8 14. b4 a5 15. d5 Nb8 16. Bb2 c6
17. dxc6 Nxc6 18. bxa5 Nxa5 19. Nc3 Qb6 20. Qd2 Nc4
21. Qc1 Qxf2+ 22. Kh1 Ne3 23. Re2 Qg3 24. Rxe3 Qf4
25. Re1 Qxc1 26. Raxc1 Bc6 27. Na2 Nxe4 28. Bxe4 Bxe4
29. Nd2 f5 30. Nc3 Bc6 31. Rxe8+ Rxe8 32. Nf3 d5 33. Na2
Re2 34. Nb4 Bb7 35. Nd4 Rxb2 36. Rc7 Bxd4 37. Rxb7
Rb1+ 1/2-1/2

[Event "Torneo sociale 2005"]
[Site "Circolo Scacchistico Pievigino"]
[Date "2005.03.01"]
[Round "5"]
[White "Luca,D"]
[Black "Vomiero,L"]
[Result "1-0"]
[WhiteElo "1598"]
[BlackElo "1500"]

1. e4 e5 2. Nf3 Nc6 3. Bc4 Be7 4. O-O Nf6 5. d4 d6 6. Re1
O-O 7. a3 h6 8. Nc3 exd4 9. Nxd4 Ne5 10. Ba2 Bd7 11. Bf4
Qc8 12. Qd2 Be6 13. Re3 Bxa2 14. Rxa2 Nc4 15. Qe2 Nxe3
16. Qxe3 a6 17. Ra1 Qd7 18. Re1 Rae8 19. h3 c6 20. Bxh6
gxh6 21. Qxh6 Nxe4 22. Rxe4 f5 23. Qg6+ Kh8 24. Re6 Bf6
25. Rxf6 Rxf6 26. Qxf6+ Qg7 27. Qxg7+ Kxg7 28. Nxf5+ Kf6
29. Nxd6 Re1+ 30. Kh2 b5 31. Nde4+ Kg6 32. g4 a5 33. h4
b4 34. axb4 axb4 35. Na4 Rxe4 36. f3 Re2+ 37. Kg3 Rxc2
38. Kf4 c5 39. Ke5 c4 40. Kd4 c3 41. bxc3 bxc3 42. Nxc3 Rf2
43. Ke4 Rc2 44. Nd5 Kf7 45. h5 Kg7 46. g5 Re2+ 47. Ne3
Rb2 48. f4 Rb4+ 49. Ke5 Rb1 50. f5 Re1 51. f6+ Kf8 52. Kf4
Rh1 53. Kg4 Kf7 54. Nd5 Rg1+ 55. Kf5 Rf1+ 56. Nf4 Kf8
57. g6 Kg8 58. h6 Kh8 59. Ke5 Re1+ 60. Kd6 Rd1+ 61. Ke7
Re1+ 62. Ne6 Re2 63. Kf7 Re5 64. g7+ 1-0

[Event "Torneo sociale 2005"]
[Site "Circolo Scacchistico Pievigino"]
[Date "2005.03.01"]
[Round "5"]
[White "Gencarelli,M"]
[Black "Premaor,S"]
[Result "1-0"]
[WhiteElo "1500"]
[BlackElo "1500"]

1. e4 e5 2. Nf3 Nc6 3. Bc4 h6 4. O-O a6 5. a3 Bc5 6. c3 Nf6
7. d4 exd4 8. cxd4 Bb6 9. Re1 O-O 10. b4 Ng4 11. h3 Nf6
12. e5 Ne8 13. Be3 d5 14. Bb3 Ne7 15. Nc3 c6 16. Rc1 Qd7
17. Ne2 Qe6 18. Nf4 Qf5 19. Bc2 Qd7 20. Nh4 a5 21. Qd2
Qd8 22. Nh5 Ng6 23. Nf5 Bxf5 24. Bxf5 Qh4 25. Ng3 Qe7
26. Bxh6 gxh6 27. Qxh6 Ng7 28. h4 Qxh4 29. Qd2 Nxf5
30. Nxf5 Qh7 31. Re3 Nf4 32. Rg3+ Ng6 33. Rh3 Nh4
34. Nh6+ Kg7 35. Qg5+ Ng6 36. Nf5+ Kh8 37. Rxh7+ Kxh7
38. Qh6+ 1-0

[Event "Torneo sociale 2005"]
[Site "Circolo Scacchistico Pievigino"]
[Date "2005.03.01"]
[Round "5"]
[White "Callegher,C"]
[Black "Saccol,A"]
[Result "1-0"]
[WhiteElo "1500"]
[BlackElo "1500"]

1. d4 d5 2. c4 dxc4 3. e4 e6 4. Bxc4 a6 5. a3 c5 6. Nf3 b5
7. Bb3 cxd4 8. O-O Bc5 9. Re1 Bb7 10. Ba2 Nf6 11. Nbd2
Nc6 12. Bb1 e5 13. b4 Ba7 14. Bc2 O-O 15. Nb3 Nd7
16. Nfxd4 Qb6 17. Qd3 exd4 18. e5 Ndxe5 19. Qxh7# 1-0

[Event "Torneo sociale 2005"]
[Site "Circolo Scacchistico Pievigino"]
[Date "2005.03.01"]
[Round "5"]
[White "Di Gennaro,S"]
[Black "Dall'Acqua,R"]
[Result "1-0"]
[WhiteElo "1500"]
[BlackElo "1500"]

1. e4 e5 2. Nf3 d6 3. Bc4 Nf6 4. d3 c5 5. Ng5 Qa5+ 6. Nc3
h6 7. Nxf7 Rh7 8. h3 g5 9. Nxg5 hxg5 10. Bxg5 Be7 11. Qf3
Nbd7 12. Bxf6 Nxf6 13. Bb5+ Bd7 14. Bxd7+ Kxd7 15. O-O
Rb8 16. Nd5 Rf7 17. a3 b5 18. Qf5+ Ke8 19. Qg6 b4
20. Nxf6+ Bxf6 21. Qg8+ Rf8 22. Qe6+ Kd8 23. Qxd6+ Kc8
24. Qxf8+ Bd8 25. Qf5+ Kb7 26. Qd7+ Ka8 27. Qd5+ Rb7
28. Qa2 Qb5 29. b3 a5 30. a4 Qa6 31. h4 1-0

[Event "Torneo sociale 2005"]
[Site "Circolo Scacchistico Pievigino"]
[Date "2005.03.01"]
[Round "5"]
[White "Bortolini,S"]
[Black "Stella,I"]
[Result "1-0"]
[WhiteElo "1500"]
[BlackElo "1500"]

1. d4 Nf6 2. c4 e6 3. Nc3 c5 4. Nf3 d5 5. e3 Nc6 6. Bd3 a6
7. a4 Nb4 8. O-O Nxd3 9. Qxd3 cxd4 10. exd4 dxc4 11. Qxc4
Bd7 12. Bg5 Rc8 13. Qd3 Be7 14. Bxf6 Bxf6 15. Rac1 Bc6
16. Ne4 O-O 17. Rfd1 Bxa4 18. b3 Bb5 19. Qe3 Bc6 20. h3
Qb6 21. Nxf6+ gxf6 22. Qf4 Bxf3 23. Qxf3 Rxc1 24. Rxc1 Qxd4
25. Qxb7 Qd5 26. Qxa6 Qxb3 27. Rc8 Qd1+ 28. Kh2 Rxc8
29. Qxc8+ Kg7 30. Qc3 Qd6+ 31. g3 Qxg3+ 32. Kxg3 1-0

[Event "Torneo sociale 2005"]
[Site "Circolo Scacchistico Pievigino"]
[Date "2005.03.01"]
[Round "5"]
[White "Beghetto,E"]
[Black "Corsi,A"]
[Result "0-1"]
[WhiteElo "1500"]
[BlackElo "1500"]

1. d4 d5 2. e3 e6 3. Bd3 Nf6 4. Nc3 a6 5. Nge2 Bb4 6. O-O
Qd6 7. a3 Bxc3 8. Nxc3 e5 9. Nb1 e4 10. Be2 Nc6 11. Nc3
Ne7 12. Qd2 Nf5 13. Nd1 Nh6 14. Nc3 Nhg4 15. Qe1 Qxh2#
0-1

[Event "Torneo sociale 2005"]
[Site "Circolo Scacchistico Pievigino"]
[Date "2005.03.08"]
[Round "6"]
[White "Spolaore,L"]
[Black "Fontana,E"]
[Result "0-1"]
[WhiteElo "1545"]
[BlackElo "2097"]

1. d4 Nf6 2. c4 e6 3. Nc3 Bb4 4. Bg5 c5 5. a3 Bxc3+ 6. bxc3
Qa5 7. Bd2 d6 8. f3 O-O 9. e4 Nc6 10. d5 Ne5 11. Qb3 Re8
12. Be2 Bd7 13. f4 Ba4 14. Qa2 Ned7 15. Bd3 Nxe4
16. Bxe4 exd5 17. cxd5 Rxe4+ 18. Kf2 c4 19. Nf3 Bb3
20. Qb2 Nc5 21. Qb1 Nd3+ 22. Kg3 Qxd5 23. Nd4 Rae8
24. h3 Rxd4 25. cxd4 Re2 0-1

[Event "Torneo sociale 2005"]
[Site "Circolo Scacchistico Pievigino"]
[Date "2005.03.08"]
[Round "6"]
[White "Broli,C"]
[Black "Giacomelli,G"]
[Result "0-1"]
[WhiteElo "1500"]
[BlackElo "1900"]

1. c4 Nf6 2. Nc3 e6 3. e4 c5 4. e5 Ng8 5. Nf3 d6 6. exd6
Bxd6 7. g3 Nc6 8. Bg2 Nh6 9. d4 Nf5 10. dxc5 Bxc5
11. Qxd8+ Kxd8 12. Bf4 a6 13. a3 Bd6 14. Rd1 Ke7
15. Bxd6+ Nxd6 16. b3 Bd7 17. Nd4 Nxd4 18. Rxd4 Rac8
19. Ke2 Rc7 20. Rhd1 Nf5 21. R4d3 Rhc8 22. a4 b6 23. Be4
g6 24. g4 Ng7 25. h3 Be8 26. Na2 f5 27. Bf3 b5 28. axb5
axb5 29. Rc3 bxc4 30. bxc4 Rxc4 31. Rdc1 Bb5 32. Kd2
Rd8+ 33. Ke3 Rxc3+ 34. Rxc3 Bf1 35. Rc7+ Rd7 36. Rxd7+
Kxd7 0-1

[Event "Torneo sociale 2005"]
[Site "Circolo Scacchistico Pievigino"]
[Date "2005.03.08"]
[Round "6"]
[White "Bubola,A"]
[Black "Luca,D"]
[Result "0-1"]
[WhiteElo "1500"]
[BlackElo "1598"]

1. d4 d5 2. Nf3 Nf6 3. Bf4 e6 4. e3 c5 5. Be2 Bd6 6. c3 Bxf4
7. exf4 c4 8. Nbd2 O-O 9. O-O Bd7 10. g3 Nc6 11. b3 b5
12. Re1 Rc8 13. Qc2 Qb6 14. Ne5 a5 15. Nxd7 Nxd7
16. Bg4 Nf6 17. Bh3 b4 18. f5 exf5 19. Bxf5 Rc7 20. bxc4
bxc3 21. Nf3 Nxd4 22. Nxd4 Qxd4 23. cxd5 Qxd5 24. Red1
Qc5 25. a4 g6 26. Bh3 Rb8 27. Ra2 Nd5 28. Rxd5 Qxd5
29. Ra3 Qd2 30. Qxd2 cxd2 31. Rd3 Rc1+ 32. Bf1 d1=Q
33. Rxd1 Rxd1 34. Kg2 Rxf1 35. Kxf1 Rb4 0-1

[Event "Torneo sociale 2005"]
[Site "Circolo Scacchistico Pievigino"]
[Date "2005.03.08"]
[Round "6"]
[White "Barazza,R"]
[Black "Gencarelli,M"]
[Result "1-0"]
[WhiteElo "1500"]
[BlackElo "1500"]

1. e4 c5 2. Nf3 e6 3. d4 cxd4 4. Nxd4 a6 5. Be3 Ne7 6. Nc3
Nbc6 7. Be2 b5 8. a3 Nxd4 9. Bxd4 Nc6 10. Be3 Be7
11. O-O O-O 12. f4 Bb7 13. Bd3 Qc7 14. Qg4 Rac8 15. Rf3
Rfd8 16. Rh3 Na5 17. Qh5 h6 18. Rg3 Kf8 19. Qg4 g6
20. e5 Nc4 21. Bc1 Qc5+ 22. Kh1 Qf2 23. Qe2 Bc5 24. Qxf2
Bxf2 25. Rh3 h5 26. Ne4 Bb6 27. b3 Bd4 28. Rb1 Na5
29. Nd6 Rc7 30. Nxb7 Rxb7 31. Bd2 Nc6 32. Be4 Rc7
33. Rd3 Bb6 34. Rd1 Ne7 35. Rd6 Nc8 36. Bb4 Bc5
37. Bxc5 Rxc5 38. Rxd7 Rxd7 39. Rxd7 a5 40. Kg1 a4 41. b4
Rc4 42. Rb7 Ne7 43. Rxb5 Rxe4 1-0

[Event "Torneo sociale 2005"]
[Site "Circolo Scacchistico Pievigino"]
[Date "2005.03.08"]
[Round "6"]
[White "Pavan,R"]
[Black "Donadel,S"]
[Result "0-1"]
[WhiteElo "1500"]
[BlackElo "1700"]

1. e4 c5 2. Bc4 e6 3. Nf3 d6 4. d4 cxd4 5. Qxd4 Nc6 6. Qc3
d5 7. Qd3 dxc4 8. Qxd8+ Nxd8 9. Ne5 b5 10. O-O Bd6
11. Bf4 Bxe5 12. Bxe5 Nf6 13. Bxf6 gxf6 14. Nc3 a6 15. Rad1
Bb7 16. Rd4 Nc6 17. Rd6 Rd8 18. Rfd1 Rxd6 19. Rxd6 Ke7
20. Rd1 Nb4 21. Rc1 Rd8 22. g3 Rd2 23. Nd1 Bxe4 24. Ne3
Nxc2 25. Nf1 Re2 26. g4 Re1 27. Rxe1 Nxe1 28. Ng3 Bd5
29. Kf1 Nd3 30. Ke2 Nxb2 31. Kd2 b4 32. Ne2 c3+ 33. Kc2
Bxa2 34. Nc1 Bd5 0-1

[Event "Torneo sociale 2005"]
[Site "Circolo Scacchistico Pievigino"]
[Date "2005.03.08"]
[Round "6"]
[White "Callegher,C"]
[Black "Bortolotto,D"]
[Result "0-1"]
[WhiteElo "1500"]
[BlackElo "1500"]

1. d4 d5 2. c4 e6 3. a3 Nf6 4. Nf3 Be7 5. Nc3 c6 6. e3 O-O
7. Be2 Nbd7 8. O-O Re8 9. Qc2 Nf8 10. b4 a5 11. Qb1 axb4
12. axb4 Rxa1 13. Qxa1 Bxb4 14. Ba3 Bxa3 15. Qxa3 Ng6
16. h3 e5 17. Qa2 exd4 18. Nxd4 Ne4 19. Nxe4 dxe4 20. c5
Nh4 21. Rd1 Qg5 22. g3 Bxh3 23. Bf1 Bxf1 24. Kxf1 Nf3
25. Ke2 Qh5 26. Nxf3 Qxf3+ 27. Ke1 Qf5 28. Qd2 g6 29. Rb1
Rb8 30. Rb4 Qxc5 31. Rxe4 Qd5 32. Rd4 Qb5 33. Rd8+
Rxd8 34. Qxd8+ Kg7 35. Qd4+ Kh6 36. f4 Qd5 37. Qa7 b5
38. g4 c5 39. Qb8 Qh1+ 40. Ke2 Qg2+ 41. Kd3 Qxg4
42. Qf8+ Kh5 43. Qxc5+ Qf5+ 0-1

[Event "Torneo sociale 2005"]
[Site "Circolo Scacchistico Pievigino"]
[Date "2005.03.08"]
[Round "6"]
[White "Premaor,S"]
[Black "Feltre,S"]
[Result "1-0"]
[WhiteElo "1500"]
[BlackElo "1500"]

1. e4 e5 2. Bc4 Nf6 3. Nc3 Nc6 4. d3 Bc5 5. h3 a6 6. a3 b5
7. Bb3 O-O 8. Qf3 Na5 9. Qg3 d6 10. Ba2 Bd7 11. Bh6 Ne8
12. Bg5 Bxf2+ 13. Kxf2 Nf6 14. Nd5 Nh5 15. Bxd8 Nxg3
16. Kxg3 Rfxd8 17. Nxc7 Rac8 18. Nxa6 Rxc2 19. Rf1 d5
20. Bxd5 Be6 21. b4 Nb3 22. Nf3 f6 23. Bxe6+ Kh8 24. Bxb3
Rc3 25. Rb1 Rdxd3 26. Rbc1 Rxb3 27. Rc8+ 1-0

[Event "Torneo sociale 2005"]
[Site "Circolo Scacchistico Pievigino"]
[Date "2005.03.08"]
[Round "6"]
[White "Di Gennaro,S"]
[Black "Vomiero,L"]
[Result "0-1"]
[WhiteElo "1500"]
[BlackElo "1500"]

1. e4 e5 2. Nf3 Nc6 3. Nc3 Nf6 4. Bc4 h6 5. d4 exd4 6. Nxd4
Ne5 7. Bd3 Be7 8. Bf4 d6 9. f3 Bd7 10. Qd2 a6 11. g4 c5
12. Bxe5 dxe5 13. Nde2 b5 14. b3 Nh7 15. O-O-O Bg5 16. f4
exf4 17. Nxf4 O-O 18. Rhg1 Qf6 19. Ncd5 Qa1# 0-1

[Event "Torneo sociale 2005"]
[Site "Circolo Scacchistico Pievigino"]
[Date "2005.03.08"]
[Round "6"]
[White "Saccol,A"]
[Black "Bortolini,S"]
[Result "1-0"]
[WhiteElo "1500"]
[BlackElo "1500"]

1. d4 Nf6 2. c4 g6 3. Nc3 c6 4. e4 d5 5. e5 Ne4 6. Nf3 Bg4
7. h3 Nxc3 8. bxc3 Be6 9. a4 Nd7 10. Be3 Rc8 11. Bd3 dxc4
12. Be4 Bd5 13. Bxd5 cxd5 14. Qc1 e6 15. O-O Bg7 16. Bh6
O-O 17. Bxg7 Kxg7 18. Nh2 Qa5 19. Ng4 b5 20. axb5 Qxb5
21. Rxa7 Ra8 22. Qh6+ Kh8 23. Nf6 Nxf6 24. exf6 Rg8
25. Rxa8 1-0

[Event "Torneo sociale 2005"]
[Site "Circolo Scacchistico Pievigino"]
[Date "2005.03.08"]
[Round "6"]
[White "Dall'Acqua,R"]
[Black "Corsi,A"]
[Result "1-0"]
[WhiteElo "1500"]
[BlackElo "1500"]

1. d4 d5 2. Nc3 e6 3. e3 Nf6 4. Bd3 Bd6 5. Nf3 Qe7 6. a4
Bb4 7. Bd2 Bd7 8. O-O O-O 9. Ne5 Bd6 10. e4 c6 11. Qf3 a6
12. Qh3 h6 13. Rae1 b5 14. b3 c5 15. exd5 exd5 16. Nxd7
Qxd7 17. Bf5 Qc7 18. Bxh6 Bxh2+ 19. Kh1 Bf4 20. Bxf4 Qxf4
21. Nxd5 Qh6 22. Nxf6+ Kh8 23. Be4 Qxh3+ 24. gxh3 Ra7
25. Nh7 Rd8 26. dxc5 Rg8 27. h4 g6 28. Rg1 Kxh7 29. Bd3
Nc6 30. Re3 Re7 31. Rh3 Kh6 32. h5 Kg7 33. hxg6 Rh8
34. Kh2 Ne5 35. gxf7+ Kf8 36. Rxh8+ Kxf7 37. Bf5 Nf3+
38. Kg2 Nxg1 39. Kxg1 Kf6 40. Bd3 Re1+ 41. Kg2 Re5
42. c6 Kf7 43. c7 Re8 44. Bg6+ 1-0

[Event "Torneo sociale 2005"]
[Site "Circolo Scacchistico Pievigino"]
[Date "2005.03.08"]
[Round "6"]
[White "Stella,I"]
[Black "Beghetto,E"]
[Result "1-0"]
[WhiteElo "1500"]
[BlackElo "1500"]

1. e4 e5 2. Nf3 Nc6 3. c3 Nf6 4. Qc2 d6 5. Bc4 d5 6. exd5
e4 7. Ng5 Qd7 8. dxc6 bxc6 9. Bxf7+ Kd8 10. Ne6+ Ke7
11. Nxf8 Rxf8 12. Bb3 e3 13. dxe3 Nd5 14. Qe4+ Kd8
15. Nd2 a5 16. Qh4+ Ke8 17. Nc4 h6 18. Ne5 Qd6 19. Qh5+
g6 20. Nxg6 Rf6 21. Ne5+ Kf8 22. e4 Nf4 23. Bxf4 a4
24. Bxh6+ Rxh6 25. Qf7# 1-0

[Event "Torneo sociale 2005"]
[Site "Circolo Scacchistico Pievigino"]
[Date "2005.03.15"]
[Round "7"]
[White "Giacomelli,G"]
[Black "Barazza,R"]
[Result "1-0"]
[WhiteElo "1900"]
[BlackElo "1500"]

1. e4 e5 2. Nf3 Nf6 3. d4 exd4 4. e5 Nd5 5. Qxd4 Nb6
6. Qe4 Nc6 7. c3 Be7 8. Bd3 d6 9. exd6 Qxd6 10. Bf4 Qd8
11. Ne5 f5 12. Qe2 Nd5 13. Qh5+ g6 14. Nxg6 Nf6 15. Qh3
Nd5 16. Bc4 Be6 17. Bxd5 Qxd5 18. Nxh8 Qe4+ 19. Qe3 1-0

[Event "Torneo sociale 2005"]
[Site "Circolo Scacchistico Pievigino"]
[Date "2005.03.15"]
[Round "7"]
[White "Donadel,S"]
[Black "Luca,D"]
[Result "1-0"]
[WhiteElo "1700"]
[BlackElo "1598"]

1. d4 d5 2. c4 dxc4 3. Nf3 Nf6 4. e3 Bg4 5. Bxc4 e6 6. h3
Bh5 7. Qa4+ Qd7 8. Qxd7+ Nbxd7 9. a3 Nb6 10. Ba2 O-O-O
11. Nc3 Be7 12. Bd2 h6 13. g4 Bg6 14. Ne5 Rhf8 15. Nxg6
fxg6 16. Bxe6+ Kb8 17. f4 Rd6 18. Ba2 Nfd5 19. Nxd5 Bh4+
20. Ke2 Nxd5 21. Bxd5 Rxd5 22. Rac1 Re8 23. Rc5 Rxd4
24. Bc3 Rde4 25. Be5 Rc8 26. Rhc1 Bd8 27. Kf3 Ra4
28. Bxg7 b6 29. R5c4 Ra5 30. Rc6 g5 31. f5 Rb5 32. b4 Be7
33. Bxh6 Rd5 34. Bg7 Bd6 35. f6 Be5 36. Ke4 Bb2 37. Kxd5
1-0